BIBLIOTECA PODER JUDICIAL
Portal Judicial TDF

El rol del poder judicial frente a la judicialización de políticas públicas : (Registro nro. 6289)

000 -LEADER
fixed length control field 01068nabaa22002177a 4500
003 - CONTROL NUMBER IDENTIFIER
control field OSt
005 - DATE AND TIME OF LATEST TRANSACTION
control field 20260129003659.0
008 - FIXED-LENGTH DATA ELEMENTS--GENERAL INFORMATION
fixed length control field 190701b xxu||||| |||| 00| 0 spa d
040 ## - CATALOGING SOURCE
Transcribing agency PJ
100 ## - MAIN ENTRY--PERSONAL NAME
9 (RLIN) 6936
Personal name Ferreri, Federico
245 13 - TITLE STATEMENT
Title El rol del poder judicial frente a la judicialización de políticas públicas :
Remainder of title crítica a la teoría de las cuestiones políticas no judicializables /
Statement of responsibility, etc Federico Ferreri.
300 ## - PHYSICAL DESCRIPTION
Extent p. 121-134
500 ## - GENERAL NOTE
General note Cita: TR LALEY AR/DOC/442/2025
505 ## - FORMATTED CONTENTS NOTE
Formatted contents note Sumario: I. Introducción.— II. Grupos vulnerables, políticas públicas y poder judicial.— III. Cuestiones no judicializables y cambio de paradigma.— IV. Conclusión.— V. Bibliografía.
505 ## - FORMATTED CONTENTS NOTE
Title ¿Te interesa el texto completo? Comunicate al correo: koha@justierradelfuego.gov.ar
650 #0 - SUBJECT ADDED ENTRY--TOPICAL TERM
9 (RLIN) 211
Topical term or geographic name as entry element DERECHO ADMINISTRATIVO
650 #0 - SUBJECT ADDED ENTRY--TOPICAL TERM
9 (RLIN) 3016
Topical term or geographic name as entry element POLÍTICAS PUBLICAS
650 #0 - SUBJECT ADDED ENTRY--TOPICAL TERM
9 (RLIN) 217
Topical term or geographic name as entry element PODER JUDICIAL
773 0# - HOST ITEM ENTRY
Host Biblionumber 2842
Host Itemnumber 3251
Place, publisher, and date of publication Buenos Aires : AbeledoPerrot, 2012-
Other item identifier DA121
Title Derecho administrativo. Nº 158 marzo/abril 2025
International Standard Book Number 18510590
942 ## - ADDED ENTRY ELEMENTS (KOHA)
Source of classification or shelving scheme
Koha item type Analítica Artículo de Revista

No hay ítems disponibles.

12 de Octubre 789 Ushuaia - Tel:  54(02901)441571
Horario de Atención: 8.00 a 17.00 hs. 
bibliotecaush@justierradelfuego.gov.ar
koha@justierradelfuego.gov.ar
Seguinos en nuestras redes @bibliojustdf 

Con tecnología Koha